Palivo energetická základna (PEZ) jako součást materiálně technické základny společenské výroby (MTZ) a prostředek vědeckotechnického rozvoje (VTR) čs. národního hospodářství

Na minha lista:
Detalhes bibliográficos
Autor principal: Trnka, Jiří
Formato: Livro
Idioma:tcheco
Publicado em: Praha Ústav pro ekonomiku a řízení vědeckotechnického rozvoje 1982
Tags: Adicionar Tag
Sem tags, seja o primeiro a adicionar uma tag!

MARC

LEADER 00000nam a2200000 4500
001 c132239
005 20251111084415.9
041 0 |a cze 
044 |a CZ 
245 1 0 |a Palivo energetická základna (PEZ) jako součást materiálně technické základny společenské výroby (MTZ) a prostředek vědeckotechnického rozvoje (VTR) čs. národního hospodářství  |c Jiří Trnka 
264 1 |a Praha  |b Ústav pro ekonomiku a řízení vědeckotechnického rozvoje  |c 1982 
300 |a 82 s. 
100 1 |a Trnka, Jiří